| 000 | 00956nam a2200265 i 4500 | ||
|---|---|---|---|
| 001 | 11182 | ||
| 003 | ES-MaACL | ||
| 005 | 20250811063129.0 | ||
| 007 | t| | ||
| 008 | 960214s1995 sp ||||1| spa d | ||
| 020 | _a84-309-2681-X | ||
| 080 | _a347(460)(075.8) | ||
| 100 | 1 |
_aDíez-Picazo, Luis, _d1931- _9156922 |
|
| 245 | 1 | 0 |
_aSistema de derecho civil / _cLuis Díez-Picazo, Antonio Gullon. |
| 250 | _a7ª ed. | ||
| 260 |
_aMadrid : _bTecnos, _c1995. |
||
| 300 |
_a<2> ; _c24 cm. |
||
| 490 | 1 | _aBiblioteca universitaria de Editorial Tecnos | |
| 505 | 8 | _aV.2. El contrato en general. La relación obligatoria. Contratos en especial. Cuasi contratos. Enriquecimiento sin causa. Responsabilidad extracontractual | |
| 650 | 0 | 4 |
_aDerecho civil- _zEspaña _911659 |
| 700 | 1 |
_aGullón, Antonio. _960934 |
|
| 830 | 0 |
_aBiblioteca universitaria de Editorial Tecnos _9178819 |
|
| 852 |
_aES-MaACL _jL-18484 _bR.124806 |
||
| 999 |
_c11182 _d11182 |
||